| 000 | 00623nam a2200205Ia 4500 | ||
|---|---|---|---|
| 003 | OSt | ||
| 005 | 20220926044721.0 | ||
| 006 | a|||||r|||| 00| 0 | ||
| 007 | ta | ||
| 008 | 220923b |||||||| |||| 00| 0 eng d | ||
| 037 | _cGeneral Book | ||
| 040 |
_aRTL _cRTL _beng |
||
| 041 |
_2eng _aeng |
||
| 082 | _aX:545.7910k73.N65<-NT0, K0 | ||
| 110 |
_aInter American Research Committee _9349359 |
||
| 245 | 0 | _aFuture of Latin American Exports to the United Sta | |
| 700 |
_aInter American Research Committee _9349360 |
||
| 942 |
_hX:545.7910k73.N65<-NT0, K0 _cGB _2CC |
||
| 999 |
_c675611 _d675611 |
||